00855nam a2200241Ia 450000100060000000300090000600800410001504000130005604000130006904100130008210000190009510000290011424500360014324500350017925000110021426000100022526000320023526000490026730000410031650001940035765000310055165000310058260864IT-RoPAU130308s9999 xx 000 0 und d aIT-RoPAU cIT-RoPAU aFRANCESE aCharles René gCodice Aut. SPICS: 22161 aDessin animè sans camera (Le) bDessin Anime' Sans camera (Le) a1a ed. aFORLI bCentro Studi Cinetelevisivi c1983 [1° Ed.:1983 - Ed.Ling.Originale:1983] a"68 p. (prefazione: no ; testo: 68)" aDisegno Animato Cinema di Animazione Cinematografo Ambulante Materiale per L'Animazione sceneggiatura preparazione dei Disegni Realizzazione dell'animazione Suoni Sintetici Effetti Speciali aLINGUAGGIO CINEMATOGRAFICO eCodice materia Spics: 6804